Limbo, sobre el arte, el diseño y la nada contemporánea /
Guardat en:
| Autor principal: | |
|---|---|
| Format: | Thesis Llibre |
| Idioma: | espanyol |
| Matèries: | |
| Etiquetes: |
Sense etiquetes, Sigues el primer a etiquetar aquest registre!
|
MARC
| LEADER | 00000nam^a2200000^a^4500 | ||
|---|---|---|---|
| 001 | 000185848 | ||
| 005 | 20250521000000.0 | ||
| 009 | 20260310102205.625 | ||
| 037 | |a Acervo ITESO - Biblioteca | ||
| 041 | |a ESP | ||
| 090 | |a DIS. 100 | ||
| 100 | |a Anguiano Macías, Angélica Haydeé |e (autor) | ||
| 245 | 1 | 0 | |a Limbo, sobre el arte, el diseño y la nada contemporánea / |c A.H. Anguiano Macías. |
| 264 | |a Guadalajara, México : |b edición de autor, |c 2006 | ||
| 300 | |a 1 disco compacto de computadora | ||
| 336 | |a datos para computadora |b cod |2 rdacontenido | ||
| 337 | |a computadora |b c |2 rdamedio | ||
| 338 | |a disco de computadora |b cd |2 rdasoporte | ||
| 502 | |a ITESO Tesis de Licenciatura en Diseño | ||
| 649 | |a XX | ||
| 650 | |a Recepción y Apreciación del Arte | ||
| 650 | |a Estética | ||
| 650 | |a Diseño - |x Historia - |y Siglo XX | ||
| 650 | |a Diseño - |x Historia y Crítica | ||
| 650 | |a Arte - |y Siglo XX | ||
| 650 | |a Arte - |x Historia y Crítica | ||
| 650 | |a Arte y Sociedad | ||
| 910 | |a Fondo General | ||
| 920 | |a Electrónicos - Tesis del ITESO en Disco | ||
| 905 | |a 202 | ||
| 901 | |a 0500127182 |b IT2 |c STS |u 20250521 | ||
| 902 | |a https://opac.biblio.iteso.mx/vufind/Record/000185848 | ||